000 00289nam a22001337a 4500
008 180111b xxu||||| |||| 00| 0 eng d
020 _aCM4024K
041 _aeng
080 _a615
100 _a5
101 _aFAR
245 _aCOMLEX LEVEL 1
_cRaymon,L.P
942 _2udc
_cBK
999 _c40148
_d40148